Αρχές οικονομικής θεωρίας με αναφορές στις ευρωπαϊκές οικονομίες : μικροοικονομική - μακροοικονομική
Αποθηκεύτηκε σε:
| Κύριος συγγραφέας: | |
|---|---|
| Άλλοι συγγραφείς: | |
| Μορφή: | Βιβλίο |
| Γλώσσα: | Greek English |
| Δημοσίευση: |
Αθήνα :
Gutenberg,
2011.
|
| Θέματα: | |
| Ετικέτες: |
Προσθήκη ετικέτας
Δεν υπάρχουν, Καταχωρήστε ετικέτα πρώτοι!
|
MARC
| LEADER | 00000cam a2200000 i 4500 | ||
|---|---|---|---|
| 001 | 1/39089 | ||
| 008 | 130610s2011 gr | ||| |||| ||gre|| | ||
| 020 | |a 9789600114355 | ||
| 035 | |l 10116137 | ||
| 040 | |a GR-MyUa |b gre |e AACR2 | ||
| 041 | 1 | |a gre |h eng | |
| 082 | 7 | |a 330 |2 (22) | |
| 100 | 1 | |a Mankiw, N. Gregory. | |
| 245 | 1 | 0 | |a Αρχές οικονομικής θεωρίας με αναφορές στις ευρωπαϊκές οικονομίες : |b μικροοικονομική - μακροοικονομική / |c Gregory N. Mankiw, Mark P. Taylor ; μετάφραση Ανδριάνα Σακκά ; επιστημονική επιμέλεια, πρόλογος Θεόδωρος Π. Λιανός. |
| 260 | |a Αθήνα : |b Gutenberg, |c 2011. | ||
| 300 | |a 1324 σ. : |b πίν., διαγρ. ; |c 24 εκ. | ||
| 650 | 0 | |a Economics. | |
| 650 | 0 | |a Microeconomics. | |
| 650 | 0 | |a Macroeconomics. | |
| 700 | 1 | |a Taylor, Mark P., |d 1958- | |
| 852 | |a INST |b CHIOS |c EUDOXUS |e 20130610 |h 330 MAN |p 005200035207 |q 005200035207 |t EDX |y 0 | ||
| 852 | |a INST |b LESVOS |c EUDOXUS |e 20131210 |h 330 MAN |p 005100052811 |q 005100052811 |t EDX |y 0 | ||
| 852 | |a INST |b LESVOS |c EUDOXUS |e 20141215 |h 330 MAN |p 005100055776 |q 005100055776 |t EDX |y 0 | ||
| 852 | |a INST |b LESVOS |c EUDOXUS |e 20151201 |h 330 MAN |p 005100057875 |q 005100057875 |t EDX |y 0 | ||
| 852 | |a INST |b LESVOS |c EUDOXUS |e 20151207 |h 330 MAN |p 005100057902 |q 005100057902 |t EDX |y 0 | ||
| 852 | |a INST |b SYROS |e 20180705 |h 330 MAN |p 005500013441 |q 005500013441 |t BK |y 0 | ||
| 901 | |a BIBL1-2013-3 | ||
| 901 | |a BIBL2-2013-2 | ||
| 901 | |a BIBL1-2014-3 | ||
| 920 | |a Εύδοξος |b Επιστροφή |y Λέσβος |z 2015-12 | ||
| 920 | |a Εύδοξος |b Επιστροφή |y Λέσβος |z 2013-05 | ||
| 920 | |a Εύδοξος |b Παραγγελία |y Χίος-ΤΔΕ |z 2013-05 | ||
| 920 | |a Εύδοξος |b Παραγγελία |y Λέσβος-ΤΚΑΙ |z 2014-11 | ||
| 970 | |a Σπέντζα |b Ελένη |z 10/06/2013 | ||